000 00718nam a2200241 a 4500
001 80107
003 BD-RjUL
005 20220721164818.0
008 220721s2022 ii ||||| |||| 00| 0 eng d
020 _a9788195175543
035 _a(BD-RjUL)80107
040 _aBD-RjUL
_beng
_cBD-RjUL
041 _aeng
082 _223
_a338.5
_bBAI 2022
100 _aBarthwal, R R
_94078
245 1 0 _aIndustrial Economics :
_ban Introductory Textbook /
_cR R Barthwal
250 _a4th ed.
260 _aNew Delhi :
_bNew Age International Private Limited,
_c2022
300 _a431 p.:
_bill.;
_c25 cm.
650 _aIndustrial organization (Economic theory)
_94079
650 _aIndustrial management
_92823
942 _2ddc
_cBK
999 _c80107
_d80107